000 00318nam a2200133Ia 4500
008 191201s1981 xx 000 0 und d
082 _a621
_bDEP
100 _aDESA,Arnold
245 0 _aPrinciples of Electronic Instrumentation
260 _bAdward arnold
_c1981
300 _a280
650 _aApplied
942 _2ddc
_cBK
999 _c636
_d636